[Event "Klasyfikacyjny wiosna grupa B"]
[Site "Bialystok"]
[Date "2011.??.??"]
[Round "3.9"]
[White "Gorbacz, Filip"]
[Black "Grabarczyk, Edmund"]
[Result "1-0"]
[WhiteElo "1652"]
[BlackElo "1585"]
[PlyCount "67"]
[EventDate "2011.??.??"]

1. e4 c5 2. Nf3 e6 3. d4 cxd4 4. Nxd4 Nf6 5. Bd3 Nc6 6. Ne2 Bc5 7. O-O O-O 8.
Bg5 h6 9. Bh4 g5 10. Bg3 Nh5 11. Nbc3 d5 12. exd5 exd5 13. Kh1 Bg4 14. f3 Be6
15. Qd2 f5 16. f4 g4 17. a3 a6 18. Rae1 b5 19. Bf2 Bxf2 20. Rxf2 Qd6 21. Ng3
Nxg3+ 22. hxg3 Kg7 23. Rfe2 Bd7 24. Na2 h5 25. Nb4 Rf7 26. Nxc6 Bxc6 27. Re6
Qd7 28. Qc3+ d4 29. Qxc6 Qxc6 30. Rxc6 Rh8 31. Ree6 h4 32. Rg6+ Kh7 33. Rh6+
Kg8 34. Rc8+ 1-0

[Event "Klasyfikacyjny wiosna grupa B"]
[Site "Bialystok"]
[Date "2011.??.??"]
[Round "3.10"]
[White "Bobras, Jan"]
[Black "Szostko, Jakub"]
[Result "0-1"]
[WhiteElo "1679"]
[BlackElo "1546"]
[PlyCount "66"]
[EventDate "2011.??.??"]

1. e4 e5 2. Nf3 Nc6 3. Bb5 a6 4. Ba4 Nf6 5. O-O b5 6. Bb3 Be7 7. Nc3 d6 8. h3
O-O 9. d4 Nxd4 10. Nxd4 exd4 11. Qxd4 c5 12. Qd1 c4 13. Nd5 Nxd5 14. Qxd5 Be6
15. Qh5 cxb3 16. cxb3 Bf6 17. Qe2 Rc8 18. Be3 Rc6 19. Rad1 Qc7 20. f4 Rc2 21.
Qf3 Rxb2 22. Qg3 Qc2 23. f5 Be5 24. Qf3 Bd7 25. Bd4 Bxd4+ 26. Rxd4 Qc5 27. Rfd1
Rb1 28. Kh1 Qxd4 29. Rxb1 Bc6 30. Qg3 Bxe4 31. Rf1 Qd3 32. Qf4 Qxh3+ 33. Qh2
Bxg2+ 0-1

[Event "Klasyfikacyjny wiosna grupa B"]
[Site "Bialystok"]
[Date "2011.??.??"]
[Round "3.12"]
[White "Ocytko, Michal"]
[Black "Kozaczynska, Aleksandra"]
[Result "0-1"]
[WhiteElo "1368"]
[BlackElo "1452"]
[PlyCount "104"]
[EventDate "2011.??.??"]

1. d4 d5 2. Nf3 Nf6 3. g3 Bf5 4. Bg2 Nc6 5. c3 e6 6. Nbd2 Bd6 7. O-O O-O 8. Nh4
Ne7 9. Re1 h6 10. Nxf5 Nxf5 11. e4 dxe4 12. Nxe4 Rb8 13. Nxf6+ Qxf6 14. Be4 Ne7
15. Qf3 Qxf3 16. Bxf3 c6 17. Kg2 Rbd8 18. Be3 Bc7 19. Be4 Nd5 20. Bxd5 Rxd5 21.
c4 Rd7 22. Rad1 Rfd8 23. a4 e5 24. d5 cxd5 25. Rxd5 Rxd5 26. cxd5 Rxd5 27. Rc1
Bd6 28. b3 b6 29. Kf3 Rd3 30. Rb1 f6 31. Ke4 Rc3 32. h4 Bc5 33. Bxc5 Rxc5 34.
h5 Rc3 35. g4 Kf7 36. Rb2 Ke6 37. f4 exf4 38. Kxf4 Rd3 39. Re2+ Kf7 40. Re3
Rxe3 41. Kxe3 g6 42. Ke4 gxh5 43. gxh5 Ke6 44. b4 a6 45. b5 axb5 46. axb5 f5+
47. Kd4 Kd6 48. Kc4 Ke5 49. Kd3 f4 50. Ke2 Kf5 51. Kf3 Kg5 52. Ke4 Kg4 0-1

[Event "Klasyfikacyjny wiosna grupa B"]
[Site "Bialystok"]
[Date "2011.??.??"]
[Round "4.1"]
[White "Smirnov, Aleksander"]
[Black "Kostyra, Stanislaw"]
[Result "0-1"]
[WhiteElo "2220"]
[BlackElo "2323"]
[PlyCount "58"]
[EventDate "2011.??.??"]

1. e4 e6 2. d3 d5 3. Nd2 c5 4. Ngf3 Nc6 5. g3 g6 6. Bg2 Bg7 7. Qe2 Nge7 8. c3
b6 9. h4 h6 10. Nf1 e5 11. exd5 Nxd5 12. Nxe5 Nxe5 13. d4 cxd4 14. cxd4 O-O 15.
dxe5 Nb4 16. Be4 Ba6 17. Qd2 Nd3+ 18. Bxd3 Bxd3 19. f4 f6 20. e6 Qd5 21. Rh2
Rfe8 22. Ne3 Rxe6 23. Kf2 Qe4 24. f5 gxf5 25. Nd1 Bf8 26. Ne3 Bc5 27. Rh1 f4
28. gxf4 Qxf4+ 29. Kg2 Rxe3 0-1

[Event "Klasyfikacyjny wiosna grupa B"]
[Site "Bialystok"]
[Date "2011.??.??"]
[Round "4.2"]
[White "Bernacki, Krzysztof"]
[Black "Olhovik, Andrei"]
[Result "0-1"]
[WhiteElo "2021"]
[BlackElo "2206"]
[PlyCount "142"]
[EventDate "2011.??.??"]

1. Nf3 c5 2. g3 g6 3. Bg2 Bg7 4. O-O Nc6 5. d3 d6 6. e4 Bg4 7. h3 Bxf3 8. Bxf3
Nf6 9. c3 O-O 10. Re1 Nd7 11. Bg2 Qa5 12. a4 Rfc8 13. Nd2 Rab8 14. Nc4 Qd8 15.
f4 b6 16. Bd2 a6 17. Re2 b5 18. axb5 axb5 19. Ne3 e6 20. Be1 Nb6 21. Kh2 Qc7
22. Bd2 Rd8 23. Ng4 b4 24. f5 h5 25. Ne3 Ne5 26. d4 Nd3 27. fxg6 fxg6 28. Qc2
cxd4 29. Qxd3 dxe3 30. Qxe3 Nc4 31. Qg5 Nxd2 32. Rxd2 Kh7 33. Rc2 bxc3 34. bxc3
Rb3 35. Qe3 Rd7 36. Rd1 Be5 37. Rd3 h4 38. Bf3 Bxg3+ 39. Kg2 Qd8 40. Bg4 Qf6
41. Qd4 Be5 42. Qf2 Qg5 43. Qe3 Qxe3 44. Rxe3 Re7 45. Rf3 Kg7 46. Kf2 g5 47.
Ke2 Bf4 48. c4 Rb4 49. Ra3 Kf6 50. Ra5 Rc7 51. Kd3 Rb3+ 52. Rc3 Rb2 53. Rc2
Rxc2 54. Kxc2 Rxc4+ 55. Kd3 Rb4 56. Ra8 Rb3+ 57. Kc4 Rg3 58. Re8 Rxg4 59. hxg4
Ke5 60. Kd3 h3 61. Rh8 h2 62. Rh3 d5 63. exd5 exd5 64. Rh5 d4 65. Rh3 Bg3 66.
Ke2 Kf4 67. Kf1 d3 68. Rh8 Kf3 69. Rf8+ Bf4 70. Rh8 d2 71. Rxh2 d1=Q# 0-1

[Event "Klasyfikacyjny wiosna grupa B"]
[Site "Bialystok"]
[Date "2011.??.??"]
[Round "4.3"]
[White "Zochowski, Kacper"]
[Black "Borawski, Jakub"]
[Result "1/2-1/2"]
[WhiteElo "1942"]
[BlackElo "1867"]
[PlyCount "64"]
[EventDate "2011.??.??"]

1. e4 e5 2. Nf3 Nc6 3. Bb5 a6 4. Ba4 Nf6 5. Qe2 b5 6. Bb3 Be7 7. c3 O-O 8. O-O
Bb7 9. Rd1 d5 10. d3 Re8 11. Nbd2 Bf8 12. Nf1 Na5 13. Bc2 c5 14. Ng3 g6 15. h3
Qc7 16. Nh2 c4 17. dxc4 Nxc4 18. Ng4 Nxg4 19. Qxg4 dxe4 20. Nxe4 Bg7 21. Qh4 f5
22. Nf6+ Bxf6 23. Qxf6 Qc6 24. Qxc6 Bxc6 25. b3 Nb6 26. Rd6 Rac8 27. Bg5 Nd5
28. c4 Nb4 29. Bd1 e4 30. h4 Kf7 31. g4 Re6 32. Rd4 Nd3 1/2-1/2

[Event "Klasyfikacyjny wiosna grupa B"]
[Site "Bialystok"]
[Date "2011.??.??"]
[Round "4.4"]
[White "Bartoszewicz, Marcin"]
[Black "Filimoniuk, Marcin"]
[Result "1/2-1/2"]
[WhiteElo "1975"]
[BlackElo "1768"]
[PlyCount "100"]
[EventDate "2011.??.??"]

1. e4 e6 2. d4 d5 3. Nc3 dxe4 4. Nxe4 Nd7 5. g3 Ngf6 6. Bg2 Be7 7. Ne2 Nxe4 8.
Bxe4 e5 9. O-O Nf6 10. Bg2 exd4 11. Nxd4 O-O 12. c3 c5 13. Nb3 Qb6 14. Re1 Be6
15. Qc2 Rfe8 16. Nd2 Rad8 17. b3 g6 18. Nc4 Bxc4 19. bxc4 Qc7 20. Bf4 Bd6 21.
Bg5 Rxe1+ 22. Rxe1 Kg7 23. Qc1 Rb8 24. Bxf6+ Kxf6 25. Qh6 Rh8 26. Bd5 Bf8 27.
Qh3 Kg7 28. Re3 Bd6 29. Rf3 Rf8 30. Re3 h5 31. f4 Rh8 32. f5 Rf8 33. Qh4 Qd8
34. Qxd8 Rxd8 35. fxg6 Kxg6 36. Bxb7 Rd7 37. Rd3 Rd8 38. Be4+ f5 39. Bf3 h4 40.
Rd5 hxg3 41. hxg3 Kf6 42. Kf2 Bc7 43. g4 fxg4 44. Bxg4 Ba5 45. Rf5+ Kg6 46. Ke2
Bxc3 47. Rxc5 Rd2+ 48. Ke3 Bd4+ 49. Kxd2 Bxc5 50. Kd3 Kg5 1/2-1/2

[Event "Klasyfikacyjny wiosna grupa B"]
[Site "Bialystok"]
[Date "2011.??.??"]
[Round "4.5"]
[White "Trofimiuk, Tomasz"]
[Black "Sieklucki, Adam"]
[Result "1/2-1/2"]
[WhiteElo "1490"]
[BlackElo "1838"]
[PlyCount "144"]
[EventDate "2011.??.??"]

1. e4 e5 2. Nf3 Nc6 3. d4 exd4 4. Nxd4 Bc5 5. Be3 Qf6 6. Nb5 Bxe3 7. fxe3 Qh4+
8. g3 Qd8 9. Qg4 g5 10. N1c3 d6 11. Qf3 Ne5 12. Qf2 c6 13. Nd4 Qf6 14. Nf5 Bxf5
15. exf5 d5 16. O-O-O Ne7 17. e4 O-O 18. exd5 Qxf5 19. Qxf5 Nxf5 20. dxc6 bxc6
21. Bg2 Rad8 22. Rde1 f6 23. Rhf1 Nd6 24. h4 g4 25. Rf4 Kg7 26. Na4 Rf7 27. Nc5
Re7 28. Rxg4+ Kf7 29. Rf4 Rg8 30. Ref1 Ne8 31. Ne4 Rg6 32. h5 Rg4 33. R4f2 Re6
34. Re1 Nc4 35. Rfe2 f5 36. Ng5+ Rxg5 37. Rxe6 Nf6 38. Rxc6 Rxg3 39. Rc7+ Kf8
40. Rxc4 Rxg2 41. Re5 Rg1+ 42. Kd2 Ne4+ 43. Rcxe4 fxe4 44. Rxe4 Rg5 45. Rh4 Ke7
46. a4 Kd6 47. Kc3 a5 48. b4 axb4+ 49. Kxb4 Kc6 50. c4 Kb6 51. h6 Rg6 52. c5+
Kc6 53. a5 Rg1 54. Rf4 Rb1+ 55. Kc3 Rh1 56. Rf6+ Kxc5 57. a6 Ra1 58. Kd3 Kd5
59. Kc3 Ke5 60. Kb2 Ra5 61. Rb6 Kd5 62. Kc3 Kc5 63. Rf6 Kb5 64. Rf5+ Kxa6 65.
Rxa5+ Kxa5 66. Kc4 Kb6 67. Kd5 Kc7 68. Ke6 Kd8 69. Kf7 Kd7 70. Kg8 Ke8 71. Kxh7
Kf7 72. Kh8 Kf8 1/2-1/2

[Event "Klasyfikacyjny wiosna grupa B"]
[Site "Bialystok"]
[Date "2011.??.??"]
[Round "4.6"]
[White "Chilkiewicz, Marek"]
[Black "Gorbacz, Filip"]
[Result "1/2-1/2"]
[WhiteElo "1854"]
[BlackElo "1652"]
[PlyCount "87"]
[EventDate "2011.??.??"]

1. d4 Nf6 2. f4 e6 3. Nf3 c5 4. e3 Nc6 5. Bd3 d5 6. c3 Bd6 7. O-O cxd4 8. exd4
O-O 9. Ne5 Qb6 10. Kh1 Ne4 11. Nd2 f5 12. Ndf3 Nxe5 13. Nxe5 Qd8 14. g3 Bd7 15.
c4 Rf6 16. c5 Be7 17. Kg2 Rc8 18. b4 Rh6 19. a4 Be8 20. Bd2 Bh5 21. Be2 Bxe2
22. Qxe2 Bf6 23. b5 Qe8 24. Be3 Bxe5 25. fxe5 g5 26. a5 Nc3 27. Qf3 Nxb5 28.
Bxg5 Nxd4 29. Qd3 Rg6 30. Qxd4 Rxg5 31. a6 Rg4 32. Qb2 bxa6 33. Rxa6 Rc7 34.
Rfa1 Rc4 35. Rxa7 R4xc5 36. Qb6 Qc6 37. Qb8+ Rc8 38. Qd6 d4+ 39. Qxc6 R8xc6 40.
Rd7 Rc8 41. Raa7 Rxe5 42. Rg7+ Kh8 43. Rxh7+ Kg8 44. Rag7+ 1/2-1/2

[Event "Klasyfikacyjny wiosna grupa B"]
[Site "Bialystok"]
[Date "2011.??.??"]
[Round "4.7"]
[White "Szostko, Jakub"]
[Black "Daciuk, Jaroslaw"]
[Result "1-0"]
[WhiteElo "1546"]
[BlackElo "1594"]
[PlyCount "69"]
[EventDate "2011.??.??"]

1. e4 c5 2. Nf3 e6 3. d4 cxd4 4. Nxd4 Nc6 5. Nc3 Qc7 6. Be3 a6 7. Bd3 b5 8.
Nxc6 Qxc6 9. O-O Bb7 10. a3 Nf6 11. Qe2 h5 12. f4 Ng4 13. Bd2 Bc5+ 14. Kh1 Bd4
15. a4 b4 16. Nd5 a5 17. c3 bxc3 18. bxc3 Bc5 19. Rab1 Nf6 20. Bb5 Qd6 21.
Nxf6+ gxf6 22. Be3 Bc6 23. Rbd1 Qe7 24. Bxc6 dxc6 25. Qc4 Bxe3 26. Qxc6+ Kf8
27. Qxa8+ Kg7 28. Qxa5 Qb7 29. Qb4 Qc7 30. f5 e5 31. Rf3 Rb8 32. Qa3 Bf4 33.
Rfd3 Qb7 34. Rd5 Qb1 35. Rd8 1-0

[Event "Klasyfikacyjny wiosna grupa B"]
[Site "Bialystok"]
[Date "2011.??.??"]
[Round "4.8"]
[White "Strojek, Kazimierz"]
[Black "Smolarczyk, Tomasz"]
[Result "1-0"]
[WhiteElo "1819"]
[BlackElo "1571"]
[PlyCount "103"]
[EventDate "2011.??.??"]

1. e4 e5 2. Nf3 Nc6 3. d4 exd4 4. Nxd4 Bc5 5. Be3 Qf6 6. c3 Nge7 7. Bc4 b6 8.
O-O Bb7 9. Nb5 O-O-O 10. Bxc5 bxc5 11. Bd5 a6 12. N5a3 h5 13. Nc4 Qg6 14. Qf3
f6 15. Nbd2 h4 16. h3 Qg5 17. Qe3 Rh5 18. f4 Nxd5 19. exd5 Qxd5 20. Rf2 Rhh8
21. b3 Rde8 22. Qf3 Qf7 23. Qd3 Kb8 24. Rd1 d5 25. Nb2 Rd8 26. Nf3 Na7 27. Rfd2
Nc8 28. Na4 Qe7 29. Qg6 Qe3+ 30. Kh1 d4 31. Rd3 Be4 32. Rxe3 Bxg6 33. Ree1 dxc3
34. Rxd8 Rxd8 35. Nxc3 Bf7 36. Re4 Rd3 37. Na4 Bd5 38. Re8 Bxf3 39. gxf3 Rxf3
40. Kg2 Rxf4 41. Nxc5 Rd4 42. Kf3 g5 43. Nxa6+ Kb7 44. Nc5+ Kc6 45. Rxc8 Kxc5
46. Rxc7+ Kb4 47. Ke3 Rf4 48. Rb7+ Ka3 49. Ra7+ Kb4 50. Ra4+ Kc5 51. Rxf4 gxf4+
52. Kxf4 1-0

[Event "Klasyfikacyjny wiosna grupa B"]
[Site "Bialystok"]
[Date "2011.??.??"]
[Round "4.9"]
[White "Burakowska, Gabriela"]
[Black "Kozaczynska, Aleksandra"]
[Result "1/2-1/2"]
[WhiteElo "1612"]
[BlackElo "1452"]
[PlyCount "142"]
[EventDate "2011.??.??"]

1. d4 d5 2. Nf3 Nf6 3. Bf4 Nc6 4. e3 a6 5. Bd3 e6 6. a3 Be7 7. Nbd2 O-O 8. O-O
Re8 9. c4 dxc4 10. Nxc4 Nd5 11. Bg3 Bf8 12. Qc2 g6 13. Bh4 Qd7 14. Nfe5 Nxe5
15. Nxe5 Qd6 16. Bg3 Qe7 17. Rac1 c6 18. Nc4 Qd8 19. Qe2 Nb6 20. Ne5 Nd7 21.
Qf3 Qf6 22. Qg4 Qe7 23. Qf3 Qf6 24. Qe2 Bg7 25. h3 Qd8 26. Nc4 Nb6 27. Nd6 Rf8
28. Ne4 Nd5 29. Nc5 Re8 30. Bc4 Nb6 31. Rfd1 Nd7 32. Bb3 Qb6 33. Nxd7 Bxd7 34.
Bc4 Rad8 35. Bh4 Rc8 36. Bg3 Rcd8 37. Rd3 Bc8 38. Rb3 Qa7 39. Bc7 Rd7 40. Bg3
Rdd8 41. Bd3 Rd5 42. Be4 Rdd8 43. Bf3 Qa8 44. Kh1 Qa7 45. Be4 Qa8 46. Bc7 Rd7
47. Bg3 Rdd8 48. Kg1 Qa7 49. Kh1 Qa8 50. Rc5 Bf8 51. Rc1 Bg7 52. Kg1 Qa7 53.
Bh4 Rd7 54. Bg3 Rdd8 55. Bh2 Qa8 56. Kh1 Qa7 57. Bg3 Qa8 58. Kh2 Qa7 59. Kh1
Qa8 60. Kg1 Qa7 61. Kh2 Qa8 62. Kh1 Qa7 63. Bc7 Rd7 64. Bg3 Rdd8 65. Bh2 Qa8
66. Bf4 Qa7 67. h4 Bf8 68. h5 Bg7 69. hxg6 hxg6 70. Bg5 Rd7 71. Bf4 Bf6 1/2-1/2

[Event "Klasyfikacyjny wiosna grupa B"]
[Site "Bialystok"]
[Date "2011.??.??"]
[Round "4.10"]
[White "Grabarczyk, Edmund"]
[Black "Filewicz, Przemyslaw"]
[Result "0-1"]
[WhiteElo "1585"]
[BlackElo "1453"]
[PlyCount "58"]
[EventDate "2011.??.??"]

1. d4 f5 2. c4 Nf6 3. Nc3 e6 4. e3 Bb4 5. Bd3 O-O 6. Nge2 b6 7. a3 Bxc3+ 8.
Nxc3 Bb7 9. f3 d6 10. O-O Nbd7 11. b4 Qe7 12. Ra2 Kh8 13. Re2 g5 14. e4 f4 15.
g3 e5 16. d5 Rg8 17. Kf2 g4 18. gxf4 gxf3 19. Kxf3 exf4 20. Bxf4 Ng4 21. Rg2
Qf6 22. Nb5 Nge5+ 23. Ke3 Rxg2 24. Bxe5 Qxe5 25. Nxc7 Rag8 26. Ne6 Rxh2 27. Rf3
Nf6 28. Bc2 Qc3+ 29. Qd3 Ng4+ 0-1

[Event "Klasyfikacyjny wiosna grupa B"]
[Site "Bialystok"]
[Date "2011.??.??"]
[Round "5.1"]
[White "Kostyra, Stanislaw"]
[Black "Olhovik, Andrei"]
[Result "1/2-1/2"]
[WhiteElo "2323"]
[BlackElo "2206"]
[PlyCount "57"]
[EventDate "2011.??.??"]

1. d4 Nf6 2. Nf3 g6 3. Nc3 c5 4. d5 d6 5. e4 Bg7 6. Bb5+ Bd7 7. a4 O-O 8. O-O
Bg4 9. h3 Bxf3 10. Qxf3 Na6 11. a5 Nc7 12. a6 Nxb5 13. Nxb5 b6 14. c4 Ne8 15.
Qb3 Nc7 16. Ra3 Nxb5 17. cxb5 Bd4 18. Be3 Bxe3 19. Qxe3 Qd7 20. Qe2 Rac8 21.
Qc4 e5 22. dxe6 fxe6 23. f4 d5 24. Rd3 d4 25. g4 Qf7 26. b3 e5 27. f5 Qxc4 28.
bxc4 gxf5 29. Rxf5 1/2-1/2

[Event "Klasyfikacyjny wiosna grupa B"]
[Site "Bialystok"]
[Date "2011.??.??"]
[Round "5.2"]
[White "Zochowski, Kacper"]
[Black "Smirnov, Aleksander"]
[Result "1-0"]
[WhiteElo "1942"]
[BlackElo "2220"]
[PlyCount "73"]
[EventDate "2011.??.??"]

1. e4 c5 2. Nf3 Nc6 3. d4 cxd4 4. Nxd4 e5 5. Nb5 d6 6. c4 Be7 7. N1c3 a6 8. Na3
f5 9. Bd3 f4 10. g3 fxg3 11. hxg3 Nf6 12. Nd5 Nd4 13. Nc2 Nxd5 14. exd5 Nxc2+
15. Bxc2 Qc7 16. Qh5+ Kd8 17. Be3 Bd7 18. O-O Bf6 19. Bd3 Be8 20. Qe2 Qd7 21.
Bb6+ Ke7 22. c5 h5 23. Qc2 g6 24. cxd6+ Kf8 25. Bxg6 Bxg6 26. Qxg6 Qf7 27. Qf5
Rg8 28. Rac1 Bd8 29. Qxf7+ Kxf7 30. Bc7 b5 31. Rfe1 Rg5 32. Rc3 b4 33. Rf3+ Ke8
34. Re4 Rc8 35. Rxb4 Rg4 36. Rb7 Rd4 37. Bxd8 1-0

[Event "Klasyfikacyjny wiosna grupa B"]
[Site "Bialystok"]
[Date "2011.??.??"]
[Round "5.3"]
[White "Sieklucki, Adam"]
[Black "Bartoszewicz, Marcin"]
[Result "0-1"]
[WhiteElo "1838"]
[BlackElo "1975"]
[PlyCount "92"]
[EventDate "2011.??.??"]

1. d4 Nf6 2. c4 g6 3. Nc3 Bg7 4. Nf3 O-O 5. Bf4 d6 6. e3 Nbd7 7. Be2 Re8 8. O-O
c5 9. h3 cxd4 10. exd4 b6 11. Rc1 Bb7 12. Bh2 Rc8 13. d5 a5 14. Bd3 Nc5 15. Re1
e5 16. dxe6 Nxe6 17. Bf1 d5 18. cxd5 Nxd5 19. Nxd5 Qxd5 20. Qxd5 Bxd5 21. b3
Bh6 22. Rcd1 Red8 23. Be5 Bg7 24. Rc1 Bxf3 25. Bxg7 Kxg7 26. gxf3 Rxc1 27. Rxc1
Rd2 28. Rc6 Rxa2 29. Rxb6 Ra1 30. h4 Rb1 31. Ra6 Rxb3 32. Rxa5 Rxf3 33. Kg2 Rc3
34. Ra4 h5 35. Be2 Kh6 36. Bf3 g5 37. Ra6 Rc5 38. hxg5+ Kxg5 39. Ra4 Nf4+ 40.
Kh2 Rc2 41. Ra5+ Kh4 42. Kg1 Nh3+ 43. Kh1 Nxf2+ 44. Kg1 Nh3+ 45. Kh1 Kg3 46.
Bg2 Rc1+ 0-1

[Event "Klasyfikacyjny wiosna grupa B"]
[Site "Bialystok"]
[Date "2011.??.??"]
[Round "5.4"]
[White "Borawski, Jakub"]
[Black "Trofimiuk, Tomasz"]
[Result "1/2-1/2"]
[WhiteElo "1867"]
[BlackElo "1490"]
[PlyCount "72"]
[EventDate "2011.??.??"]

1. e4 c5 2. Nf3 d6 3. d4 cxd4 4. Nxd4 Nf6 5. Nc3 g6 6. f3 Bg7 7. Be3 Nc6 8. Qd2
O-O 9. O-O-O d5 10. exd5 Nxd5 11. Nxc6 bxc6 12. Bd4 e5 13. Bc5 Be6 14. Ne4 Rb8
15. g4 Qc7 16. Bc4 Rfd8 17. Qf2 Qb7 18. b3 a5 19. a4 Nf4 20. Bxe6 Nxe6 21.
Rxd8+ Rxd8 22. Bb6 Rb8 23. Bxa5 Nd4 24. Bc3 Qa7 25. g5 c5 26. Qf1 Rc8 27. Bxd4
exd4 28. Qc4 Qc7 29. Kb1 Qf4 30. Rf1 Qe5 31. Nf6+ Bxf6 32. gxf6 Qxf6 33. a5 Qc6
34. Kb2 Ra8 35. Ra1 Qc7 36. a6 Qb6 1/2-1/2

[Event "Klasyfikacyjny wiosna grupa B"]
[Site "Bialystok"]
[Date "2011.??.??"]
[Round "5.5"]
[White "Filimoniuk, Marcin"]
[Black "Szostko, Jakub"]
[Result "1/2-1/2"]
[WhiteElo "1768"]
[BlackElo "1546"]
[PlyCount "116"]
[EventDate "2011.??.??"]

1. e4 e5 2. d4 exd4 3. Nf3 Nc6 4. Nxd4 Bc5 5. Be3 Qf6 6. c3 Nge7 7. Qd2 a6 8.
Nxc6 Qxc6 9. Bxc5 Qxc5 10. Qd4 Qxd4 11. cxd4 d5 12. Nc3 dxe4 13. Nxe4 Bf5 14.
Ng3 Bg6 15. Bc4 O-O-O 16. O-O-O Rhf8 17. Rhe1 Nf5 18. Nxf5 Bxf5 19. Re5 Bg6 20.
f4 f6 21. Re7 Rfe8 22. Be6+ Kb8 23. Rxe8 Rxe8 24. f5 Bh5 25. g4 Bxg4 26. Rg1 h5
27. d5 Rd8 28. Rg3 c6 29. h3 Be2 30. Rxg7 cxd5 31. Kd2 Bf1 32. h4 Bh3 33. Rf7
Rd6 34. Rxf6 Ka7 35. Rf7 a5 36. Kd3 Bg2 37. Rh7 Be4+ 38. Kd4 Rxe6 39. fxe6 Bxh7
40. Kxd5 Kb6 41. Kd6 Kb5 42. e7 Bg6 43. Kd7 Kc4 44. e8=Q Bxe8+ 45. Kxe8 Kd3 46.
Kf7 Kc2 47. Kg6 Kxb2 48. Kxh5 Kxa2 49. Kg5 b5 50. h5 b4 51. h6 b3 52. h7 b2 53.
h8=Q b1=Q 54. Qc3 Qb5+ 55. Kg6 Qb6+ 56. Kg5 Qd8+ 57. Kf4 Qh4+ 58. Ke3 Qg3+
1/2-1/2

[Event "Klasyfikacyjny wiosna grupa B"]
[Site "Bialystok"]
[Date "2011.??.??"]
[Round "5.6"]
[White "Gorbacz, Filip"]
[Black "Bernacki, Krzysztof"]
[Result "0-1"]
[WhiteElo "1652"]
[BlackElo "2021"]
[PlyCount "56"]
[EventDate "2011.??.??"]

1. e4 d5 2. exd5 Nf6 3. d4 Nxd5 4. Bd3 g6 5. c3 Bg7 6. Ne2 Nd7 7. O-O c5 8.
dxc5 O-O 9. c6 bxc6 10. Nd2 Nc5 11. Bc2 Ba6 12. Nf3 Qc7 13. Re1 Rab8 14. Rb1
Rfe8 15. Bd2 Nd3 16. Bxd3 Bxd3 17. Rc1 Rxb2 18. c4 Nb6 19. Nf4 Bxc4 20. Rc2
Rxa2 21. Rxa2 Bxa2 22. Qe2 Bf6 23. Be3 Bd5 24. Nxd5 cxd5 25. Bd4 Bxd4 26. Nxd4
e6 27. g3 Nc4 28. Ra1 a5 0-1

[Event "Klasyfikacyjny wiosna grupa B"]
[Site "Bialystok"]
[Date "2011.??.??"]
[Round "5.7"]
[White "Filewicz, Przemyslaw"]
[Black "Chilkiewicz, Marek"]
[Result "1/2-1/2"]
[WhiteElo "1453"]
[BlackElo "1854"]
[PlyCount "91"]
[EventDate "2011.??.??"]

1. d4 d5 2. c4 e6 3. Nc3 c6 4. Bf4 Bd6 5. Bxd6 Qxd6 6. c5 Qe7 7. Nf3 Nd7 8. e3
f5 9. Be2 Ngf6 10. b4 Ne4 11. Nxe4 fxe4 12. Nd2 e5 13. O-O O-O 14. Qb3 Nf6 15.
a4 Bg4 16. Bxg4 Nxg4 17. h3 Nf6 18. b5 exd4 19. exd4 a6 20. Rab1 axb5 21. axb5
Nh5 22. g3 Qg5 23. Qe3 Qxe3 24. fxe3 Nxg3 25. Rxf8+ Rxf8 26. bxc6 bxc6 27. Rb6
Rf6 28. Nb3 Nf5 29. Na5 Ne7 30. Ra6 Kf7 31. Rb6 Kg6 32. Rb7 Nf5 33. Rb6 Nxe3
34. Rxc6 Nc2 35. Rxf6+ Kxf6 36. Nb3 Nb4 37. Kf2 Nc6 38. Ke3 Kg5 39. Nd2 Kh4 40.
Nxe4 h5 41. Nc3 Nb4 42. Nxd5 Nxd5+ 43. Ke4 Ne7 44. d5 g5 45. d6 Nc6 46. Kd5
1/2-1/2

[Event "Klasyfikacyjny wiosna grupa B"]
[Site "Bialystok"]
[Date "2011.??.??"]
[Round "5.9"]
[White "Daciuk, Jaroslaw"]
[Black "Burakowska, Gabriela"]
[Result "1-0"]
[WhiteElo "1594"]
[BlackElo "1612"]
[PlyCount "89"]
[EventDate "2011.??.??"]

1. c4 c5 2. Nc3 e6 3. Nf3 d5 4. e3 dxc4 5. Bxc4 a6 6. d4 b5 7. Be2 Bb7 8. O-O
Nf6 9. a3 Be7 10. dxc5 Bxc5 11. Qxd8+ Kxd8 12. b4 Bd6 13. Bb2 Nbd7 14. Rfd1 Ke7
15. Ng5 h6 16. Nxf7 Bxh2+ 17. Kxh2 Kxf7 18. a4 bxa4 19. Nxa4 Bd5 20. Nc5 Nxc5
21. bxc5 Rhc8 22. Bxf6 gxf6 23. Rdc1 a5 24. Bb5 Bc6 25. Ba4 Bxa4 26. Rxa4 Rc6
27. Kg3 Rg8+ 28. Kf3 Ra8 29. g4 e5 30. Ke4 Ke6 31. f4 exf4 32. exf4 Rcc8 33.
f5+ Kf7 34. Kd5 Rd8+ 35. Kc4 Rdc8 36. Rca1 Rg8 37. Kc3 Ke7 38. Re1+ Kf7 39.
Ree4 h5 40. Rf4 hxg4 41. Rxg4 Rxg4 42. Rxg4 Rh8 43. c6 Rc8 44. Rc4 Rb8 45. Kd4
1-0

[Event "Klasyfikacyjny wiosna grupa B"]
[Site "Bialystok"]
[Date "2011.??.??"]
[Round "5.10"]
[White "Kozaczynska, Aleksandra"]
[Black "Grabarczyk, Edmund"]
[Result "1-0"]
[WhiteElo "1452"]
[BlackElo "1585"]
[PlyCount "55"]
[EventDate "2011.??.??"]

1. e4 e5 2. Nf3 d6 3. d4 exd4 4. Nxd4 Nf6 5. Nc3 g6 6. Be3 Bg7 7. Bc4 O-O 8.
O-O Re8 9. Bd3 a6 10. Re1 c5 11. Nde2 b5 12. Ng3 Ng4 13. Bd2 Bd4 14. Rf1 Nxh2
15. Kxh2 Qh4+ 16. Kg1 Qxg3 17. Ne2 Qe5 18. c3 Bxf2+ 19. Rxf2 Bg4 20. Qf1 Ra7
21. Bf4 Qe6 22. Bg3 Nc6 23. Rf6 Bxe2 24. Rxe6 Rxe6 25. Qxe2 f5 26. Qf3 fxe4 27.
Bxe4 Rf7 28. Qxf7+ 1-0

[Event "Klasyfikacyjny wiosna grupa B"]
[Site "Bialystok"]
[Date "2011.??.??"]
[Round "5.11"]
[White "Smolarczyk, Tomasz"]
[Black "Bobras, Jan"]
[Result "1-0"]
[WhiteElo "1571"]
[BlackElo "1679"]
[PlyCount "63"]
[EventDate "2011.??.??"]

1. e4 c6 2. Nf3 d5 3. d3 dxe4 4. Ng5 exd3 5. Bxd3 Nf6 6. Nxf7 Kxf7 7. Bg6+ hxg6
8. Qxd8 Nbd7 9. Qa5 b6 10. Qc3 Bb7 11. Bf4 e6 12. Nd2 Bc5 13. Bg3 a5 14. O-O-O
Nd5 15. Qf3+ N7f6 16. Nc4 Kg8 17. Rhe1 Re8 18. Bd6 Ba6 19. Bxc5 Bxc4 20. Bd4 c5
21. Be5 a4 22. b3 axb3 23. axb3 Ba6 24. Kb2 Bb7 25. c4 Nd7 26. cxd5 Bxd5 27.
Qg3 Rh5 28. Bf4 Rf8 29. Qxg6 Rhf5 30. Bg3 c4 31. bxc4 Bxc4 32. Rxd7 1-0

[Event "Klasyfikacyjny wiosna grupa B"]
[Site "Bialystok"]
[Date "2011.??.??"]
[Round "6.1"]
[White "Kostyra, Stanislaw"]
[Black "Zochowski, Kacper"]
[Result "1-0"]
[WhiteElo "2323"]
[BlackElo "1942"]
[PlyCount "59"]
[EventDate "2011.??.??"]

1. c4 e5 2. Nc3 Nc6 3. e3 f5 4. d4 Bb4 5. Nf3 e4 6. Nd2 Bxc3 7. bxc3 Nf6 8. Be2
O-O 9. O-O Qe8 10. c5 Qg6 11. f4 b6 12. Nb3 d5 13. cxd6 cxd6 14. d5 Ne7 15. c4
Nd7 16. Bb2 Nc5 17. Kh1 Kh8 18. Rg1 Rg8 19. Rb1 Qh6 20. Bc3 Ng6 21. Nxc5 bxc5
22. Qa4 Ne7 23. Qa5 Bd7 24. Rb7 Rad8 25. Rxa7 Qh4 26. Rf1 Rge8 27. Qc7 Qh6 28.
Rb1 Ng8 29. Kg1 Qg6 30. Rb6 1-0

[Event "Klasyfikacyjny wiosna grupa B"]
[Site "Bialystok"]
[Date "2011.??.??"]
[Round "6.2"]
[White "Olhovik, Andrei"]
[Black "Bartoszewicz, Marcin"]
[Result "1/2-1/2"]
[WhiteElo "2206"]
[BlackElo "1975"]
[PlyCount "126"]
[EventDate "2011.??.??"]

1. Nf3 Nf6 2. c4 g6 3. Nc3 Bg7 4. e4 d6 5. d4 O-O 6. Be2 e5 7. O-O Nc6 8. d5
Ne7 9. Ne1 Nd7 10. Nd3 f5 11. f3 Nf6 12. Bd2 f4 13. b4 g5 14. Nf2 h5 15. c5 Rf7
16. h3 Bf8 17. Nb5 a6 18. cxd6 cxd6 19. Na3 Rg7 20. Nc4 b5 21. Na5 Qb6 22. Qe1
g4 23. Kh1 g3 24. Nd3 Bxh3 25. gxh3 g2+ 26. Kh2 gxf1=Q 27. Qxf1 Rc8 28. Be1 Rc2
29. Bf2 Qc7 30. Bd1 Rxf2+ 31. Nxf2 Qc3 32. Be2 Ng6 33. Qe1 Qe3 34. Nd1 Qb6 35.
Qf2 Qxf2+ 36. Nxf2 Nh4 37. Rg1 Rxg1 38. Kxg1 Kf7 39. Nc6 Nd7 40. Nd1 Ke8 41.
Nc3 Be7 42. a4 bxa4 43. Nxa4 Bd8 44. Kf2 Bb6+ 45. Nxb6 Nxb6 46. Bxa6 Ng6 47.
Bb5 Kf7 48. Ke2 Kf6 49. Kf2 Kf7 50. Nd8+ Ke7 51. Ne6 Kf7 52. Ke2 Nh4 53. Nc7
Ke7 54. Ne8 Ng2 55. Ng7 Ne3 56. Bd3 Kf7 57. Nf5 Nxf5 58. exf5 Ke7 59. Be4 Nd7
60. Kd3 h4 61. Kc4 Kd8 62. Bc2 Kc7 63. Be4 Kb6 1/2-1/2